000 00403nam a2200145Ia 4500
008 230411s9999 xx 000 0 und d
020 _a0 340 75924
041 _aeng
082 _aS/610.73677/RUS/WIL/B00529
100 _aRussell C G & Williams N S
_9176631
245 _aBailey and Loves Short Practice of Surgery
260 _bArnold
_aLondon
_c2000
300 _a1348p
999 _c151996
_d151996